ALTERNATING CURRENT MOTOR WINDINGS COVERING THE DESIGN AND MANUFACTURE OF WINDINGS FOR ALL TYPES OF AC MOTOR FREQUENCY CHANGERS BOOSTERS AND CONVERTURES (Record no. 582594)
[ view plain ]
| 000 -LEADER | |
|---|---|
| fixed length control field | 00376nam a22001097a 4500 |
| 082 ## - DEWEY DECIMAL CLASSIFICATION NUMBER | |
| Classification number | 621.46 HOP'A |
| 100 ## - MAIN ENTRY--PERSONAL NAME | |
| Personal name | HOPWOOD, H |
| 9 (RLIN) | 77302 |
| 245 ## - TITLE STATEMENT | |
| Title | ALTERNATING CURRENT MOTOR WINDINGS COVERING THE DESIGN AND MANUFACTURE OF WINDINGS FOR ALL TYPES OF AC MOTOR FREQUENCY CHANGERS BOOSTERS AND CONVERTURES |
| 260 ## - PUBLICATION, DISTRIBUTION, ETC. | |
| Place of publication, distribution, etc. | BOMBAY |
| Name of publisher, distributor, etc. | D. B. TARAPORALA |
| Date of publication, distribution, etc. | 1950 |
| 300 ## - PHYSICAL DESCRIPTION | |
| Extent | 320P |
| 942 ## - ADDED ENTRY ELEMENTS (KOHA) | |
| Koha item type | Book |
| Withdrawn status | Lost status | Damaged status | Not for loan | Permanent Location | Current Location | Shelving location | Date acquired | Total Checkouts | Full call number | Barcode | Date last seen | Price effective from | Koha item type |
|---|---|---|---|---|---|---|---|---|---|---|---|---|---|
| College of Electrical & Mechanical Engineering (CEME) | College of Electrical & Mechanical Engineering (CEME) | General Stacks | 06/06/2017 | 621.46 HOP'A | CEME-9810 | 06/28/2021 | 06/28/2021 | Book |
